Wszystkie Featy u Quebonafide - Statystyki

Ogólne statystyki
  • Ten quiz został rozwiązany 124 razy
  • Średni wynik to 18 z 44
Statystyki odpowiedzi
Odpowiedź % Poprawnych
Białas
94%
Taco Hemingway
91%
Bedoes
88%
Mata
87%
Solar
87%
Sokół
67%
ReTo
66%
Natalia Szroeder
63%
Wac Toja
62%
Daria Zawiałow
58%
Kukon
58%
PlanBe
58%
Paluch
57%
Guzior
55%
Eripe
51%
Sentino
49%
Kuban
47%
Mrozu
45%
Ralph Kaminski
45%
Czesław Mozil
41%
Klaudia Szafrańska
41%
Kiełas
37%
Vito Bambino
37%
Young Lungs
35%
Deys
33%
Kuba Knap
33%
iFani
31%
Smarki Smark
31%
KRS-one
29%
Sfera Ebbasta
26%
Kartky
24%
Dwa Sławy
23%
K-Leah
23%
Ras
21%
Szopeen
20%
Sitek
17%
VNM
12%
Justyna Kuśmierczyk
9%
Cywinsky
8%
Mick Jenkins
5%
Sarcast
3%
Mielzky
2%
Essex
0%
Natalia Sumpor
0%
Nie znaleziono quizów pasujących do podanych kryteriów
Rozkład punktacji
Procent ludzi z każdym wynikiem
Percentyl według liczby udzielonych odpowiedzi
Twoja historia wyników
Nie rozwiązałeś tego quizu